000 00391pab a2200157 454500
008 180718b2011 xxu||||| |||| 00| 0 eng d
100 _aNeal, Zachary
245 _aDifferentiating centrality and power in the world city network.
260 _c2011
300 _ap.2733-2748.
362 _aOct
650 _aUrban Development
773 _aUrban Studies
908 _aN
909 _a94552
999 _c94552
_d94552